| 000 | 00375nam a2200145Ia 4500 | ||
|---|---|---|---|
| 008 | 230312s9999||||xx |||||||||||||| ||und|| | ||
| 082 |
_a330 _bKOU-M |
||
| 100 | _aA. Koutsoyiannis | ||
| 245 | 0 | _aModern Microeconomics | |
| 260 |
_bMacmillan _aLondon _c1962 |
||
| 300 | _a581 | ||
| 546 | _aEng. | ||
| 650 |
_aEconomics _vEconomics Models, Classification of markets |
||
| 942 | _cBK | ||
| 999 |
_c4824 _d4824 |
||